000 00719nam a2200193Ia 4500
008 151121s9999||||xx |||||||||||||| ||und||
082 _a079।54/पाध्ये
082 _bHNW-58730
100 _aपाध्ये प्रभाकर
245 _aपत्रकारितेची मूलतत्वे
260 _b"मेहता प्रकाशन, पुणे।"
260 _c--
300 _a98
600 _aपाध्ये प्रभाकर
630 _aपत्रकारितेची मूलतत्वे
700 _aपाध्ये प्रभाकर
730 _aपत्रकारितेची मूलतत्वे
942 _cBOOK
999 _c1240516
_d1240513